<?xml version="1.0" encoding="UTF-8"?><?xml-stylesheet type="text/xsl" href="static/style.xsl"?><OAI-PMH xmlns="http://www.openarchives.org/OAI/2.0/" xmlns:xsi="http://www.w3.org/2001/XMLSchema-instance" xsi:schemaLocation="http://www.openarchives.org/OAI/2.0/ http://www.openarchives.org/OAI/2.0/OAI-PMH.xsd"><responseDate>2026-04-18T11:54:27Z</responseDate><request verb="GetRecord" identifier="oai:riubu.ubu.es:10259/8339" metadataPrefix="marc">https://riubu.ubu.es/oai/request</request><GetRecord><record><header><identifier>oai:riubu.ubu.es:10259/8339</identifier><datestamp>2024-01-16T01:05:13Z</datestamp><setSpec>com_10259_4438</setSpec><setSpec>com_10259_4437</setSpec><setSpec>com_10259.4_106</setSpec><setSpec>com_10259_2604</setSpec><setSpec>col_10259_4439</setSpec></header><metadata><record xmlns="http://www.loc.gov/MARC21/slim" xmlns:doc="http://www.lyncode.com/xoai" xmlns:xsi="http://www.w3.org/2001/XMLSchema-instance" xmlns:dcterms="http://purl.org/dc/terms/" xsi:schemaLocation="http://www.loc.gov/MARC21/slim http://www.loc.gov/standards/marcxml/schema/MARC21slim.xsd">
<leader>00925njm 22002777a 4500</leader>
<datafield tag="042" ind1=" " ind2=" ">
<subfield code="a">dc</subfield>
</datafield>
<datafield tag="720" ind1=" " ind2=" ">
<subfield code="a">Isidro Bravo, Marta</subfield>
<subfield code="e">author</subfield>
</datafield>
<datafield tag="720" ind1=" " ind2=" ">
<subfield code="a">García Arroyo, Ana</subfield>
<subfield code="e">author</subfield>
</datafield>
<datafield tag="260" ind1=" " ind2=" ">
<subfield code="c">2023</subfield>
</datafield>
<datafield tag="520" ind1=" " ind2=" ">
<subfield code="a">La enseñanza del inglés como lengua extranjera (LE) sigue aplicando métodos tradicionales, poco fructíferos, para potenciar la escritura. Por ello, este estudio se propuso como objetivos: 1) mejorar la creatividad y la escritura del alumnado de inglés como lengua extranjera, centrándose en la fluidez; y 2) motivar al alumnado para transmitir sus ideas y realidades mediante sus producciones creativas. El grupo experimental estuvo formado por estudiantes de inglés de 4º de educación secundaria obligatoria (ESO). Se utilizó la metodología de fanfiction aplicada a la escritura creativa en inglés, en la cual se parte de una obra existente para escribir sobre ésta, utilizando la imaginación. La dinámica es grupal; se aplica la teoría de la multiliteracidad y multimodalidad. Los resultados muestran cómo el alumnado publicó sus historias online, creando así “espacios afínes” y recibiendo feedback de una audiencia más extensa. Se incrementó su creatividad y su fluidez en inglés.</subfield>
</datafield>
<datafield tag="520" ind1=" " ind2=" ">
<subfield code="a">Teaching English as a foreign language continues to use traditional, unpro-ductive, methods to enhance writing. Therefore, this study has established its goals as: 1) improving students’ creativity and writing in English as a foreign language,  concentrating  on  fluency;  and  2)  encouraging  students  to  trans-mit their ideas and realities through creative production. The experimental group  was  formed  by  10th  grade  English  students  (4th  grade  of  obligatory  secondary education) (ESO in Spanish). We used the fanfiction methodology by applying it to creative writing in English. This means starting from an ex-isting creative work to write about it, employing one’s own imagination. This was  a  group  exercise,  and  we  applied  the  multiliteracy  and  multimodality  theories. Results show how students published their stories online, creating like-minded spaces and receiving feedback from a more extensive audience. They improved their creativity and fluency in English.</subfield>
</datafield>
<datafield tag="024" ind2=" " ind1="8">
<subfield code="a">0185-2698</subfield>
</datafield>
<datafield tag="024" ind2=" " ind1="8">
<subfield code="a">http://hdl.handle.net/10259/8339</subfield>
</datafield>
<datafield tag="024" ind2=" " ind1="8">
<subfield code="a">10.22201/iisue.24486167e.2023.180</subfield>
</datafield>
<datafield tag="024" ind2=" " ind1="8">
<subfield code="a">2448-6167</subfield>
</datafield>
<datafield ind1=" " ind2=" " tag="653">
<subfield code="a">Aprendizaje del inglés</subfield>
</datafield>
<datafield ind1=" " ind2=" " tag="653">
<subfield code="a">Habilidades lingüísticas</subfield>
</datafield>
<datafield ind1=" " ind2=" " tag="653">
<subfield code="a">Creatividad</subfield>
</datafield>
<datafield ind1=" " ind2=" " tag="653">
<subfield code="a">Escritura</subfield>
</datafield>
<datafield ind1=" " ind2=" " tag="653">
<subfield code="a">Literacidad</subfield>
</datafield>
<datafield ind1=" " ind2=" " tag="653">
<subfield code="a">English language acquisition</subfield>
</datafield>
<datafield ind1=" " ind2=" " tag="653">
<subfield code="a">Linguistic abilities</subfield>
</datafield>
<datafield ind1=" " ind2=" " tag="653">
<subfield code="a">Creativity</subfield>
</datafield>
<datafield ind1=" " ind2=" " tag="653">
<subfield code="a">Writing</subfield>
</datafield>
<datafield ind1=" " ind2=" " tag="653">
<subfield code="a">Literacy</subfield>
</datafield>
<datafield tag="245" ind1="0" ind2="0">
<subfield code="a">Fanfiction en la clase de inglés como LE. El desarrollo de la fluidez a través de la escritura creativa con estudiantes de cuarto de secundaria</subfield>
</datafield>
</record></metadata></record></GetRecord></OAI-PMH>